000 00652nam a22002417a 4500
001 66448
003 UA-OsUOA
005 20220601154829.0
007 ta
008 20091229b un ||||| |||| 00| 0 ukr d
020 _a9789668048289
040 _aUA-OsUOA
_brus
_cUA-OsUOA
_dUA-OsUOA
041 _arus
080 _a82.09
090 _a82.09
_bД54
245 _aДни Адама Мицкевича в Крыму
_cА. К. Гадомский
260 _aСимферополь
_c2006
300 _a265 с.
505 _gТ. 3
650 7 _a82 Література. Літературознавство
_2UDC
942 _cBK
_2udc
955 _a2
999 _c352461
_d352461